| 000 | 00767nam a2200217 i 4500 | ||
|---|---|---|---|
| 001 | 53284 | ||
| 003 | ES-MaACL | ||
| 005 | 20250814215640.0 | ||
| 007 | t| | ||
| 008 | 950912s1859 sp |||| | spa d | ||
| 100 | 1 |
_aDuruy, Victor. _946334 |
|
| 245 | 1 | 0 |
_aHistoria de Grecia / _cpor Víctor Duruy ; traducida de la segunda edición francesa por Roberto Robert. |
| 260 |
_aBarcelona : _bLibrería del Plus Ultra, _c1859 ( _fLuis Tasso) |
||
| 300 |
_a2 v. ; _c20 cm. |
||
| 530 | _aDisponible en formato digital. | ||
| 651 | 4 |
_aGrecia- _xHistoria. _98777 |
|
| 700 | 1 |
_aRobert, Roberto, _d1827-1873 _997814 |
|
| 852 |
_aES-MaACL _jD-1214-15 |
||
| 856 |
_uhttp://bdh-rd.bne.es/viewer.vm?id=0000146583&page=1 _zBiblioteca Digital Hispánica |
||
| 999 |
_c53284 _d53284 |
||